000 00572cam a2200205ua 4500
001 215
008 110326n ii |||gr||||Z||||||asm
040 _cMAIN
082 _a301
245 1 _aArthanaitik unnayanar samajtatta.
_cBy Birendra Nath Borthakur.
250 _a1st.
260 _aDibrugarh.:
_bUpashana publishing.,
_c2005.
300 _a167 p.:4 cm.
653 _aSociology.
653 _aOrthanaitik unnayanar samajtatta.
653 _aSociology of economic development
700 _aBorthakur, Birendra Nath.,
700 _aBordoloi, Ruprekha.,
942 _cBK
999 _c183
_d183